| 000 | 01096nam a22003617a 4500 | ||
|---|---|---|---|
| 003 | CHAP | ||
| 005 | 20220329134045.0 | ||
| 008 | 971013s1979 r 00010 d | ||
| 010 | _a14757 | ||
| 011 | _a15729 | ||
| 035 | _a19805 | ||
| 040 | _cCHAP | ||
| 090 | _aFolleto 8986y | ||
| 100 | 0 | 0 |
_aGrac, Pierre. _950156 |
| 245 | 1 | _aSobre la cuestión agraría y campesina | |
| 260 |
_aBarcelona : _bFontamara, _c(1979?) |
||
| 300 | _a96 p | ||
| 490 |
_aAportes _v; 11 |
||
| 590 |
_aBATCH-UPD _b10 _c20130110 _lUCH01 _h1002 |
||
| 590 |
_aCONVERSION _b10 _c20130109 _lUCH01 _h1309 |
||
| 650 | 1 | 4 |
_aCampesinado. _917993 |
| 650 | 1 | 4 |
_aMarxismo. _972728 |
| 650 | 1 | 4 |
_aReforma agraria. _995517 |
| 650 | 1 | 4 |
_aSocialismo. _9108040 |
| 700 | 0 |
_aArdling, G. _96860 |
|
| 700 | 0 |
_aCavailhes, Jean. _920589 |
|
| 830 | 0 |
_aAportes _v; 11 _96330 |
|
| 901 | _aBK | ||
| 942 | _cFOLL | ||
| 949 |
_aFolleto 8986y _bBC _cFOLL _d-46226 _eTS1 _gI.c/e _i19805 _si _t325.00 |
||
| 949 |
_aFolleto 8986y _bBC _cFOLL _d-46227 _eTS2 _fc.2 _i19805 _si _t325.00 |
||
| 949 |
_aFolleto 8986y _bBC _cFOLL _d-46228 _eTS2 _fc.3 _i19805 _si _t325.00 |
||
| 999 |
_c14757 _d14757 |
||